[Event "Figueira 2023"]
[Site "?"]
[Date "2023.11.07"]
[Round "3.1"]
[White "Stella, Andrea"]
[Black "Safarli, Eltaj"]
[Result "1/2-1/2"]
[BlackElo "2610"]
[WhiteElo "2431"]
[LiveChessVersion "1.4.8"]

1. d4 {[%clk 1:24:09]} Nf6 {[%clk 1:30:50]} 2. c4 {[%clk 1:24:33]} e6
{[%clk 1:31:15]} 3. Nc3 {[%clk 1:24:55]} Bb4 {[%clk 1:31:12]} 4. Qc2
{[%clk 1:25:10]} O-O {[%clk 1:31:12]} 5. e4 {[%clk 1:25:22]} d6 {[%clk 1:29:08]}
6. e5 {[%clk 1:25:41]} dxe5 {[%clk 1:27:19]} 7. dxe5 {[%clk 1:25:59]} Ng4
{[%clk 1:27:09]} 8. Nf3 {[%clk 1:24:46]} Nc6 {[%clk 1:27:06]} 9. Bf4
{[%clk 1:25:08]} Nd4 {[%clk 1:19:56]} 10. Qd2 {[%clk 1:25:31]} c5
{[%clk 1:16:14]} 11. h3 {[%clk 1:18:52]} Nxf3+ {[%clk 1:15:56]} 12. gxf3
{[%clk 1:17:01]} Qxd2+ {[%clk 1:16:07]} 13. Kxd2 {[%clk 1:17:14]} Nh6
{[%clk 1:16:22]} 14. Bxh6 {[%clk 1:17:27]} gxh6 {[%clk 1:16:50]} 15. Ke3
{[%clk 1:12:05]} Bxc3 {[%clk 1:13:31]} 16. Rg1+ {[%clk 1:07:33]} Kh8
{[%clk 1:13:58]} 17. bxc3 {[%clk 1:07:56]} Bd7 {[%clk 1:14:23]} 18. Bd3
{[%clk 1:06:43]} f5 {[%clk 1:03:22]} 19. exf6 {[%clk 1:05:52]} Rxf6
{[%clk 1:03:46]} 20. Be4 {[%clk 1:06:11]} e5 {[%clk 0:58:13]} 21. Rg3
{[%clk 0:57:29]} Raf8 {[%clk 0:49:55]} 22. Bxb7 {[%clk 0:53:52]} h5
{[%clk 0:49:23]} 23. h4 {[%clk 0:50:55]} Rf4 {[%clk 0:47:39]} 24. Bd5
{[%clk 0:46:36]} Bf5 {[%clk 0:46:32]} 25. Ke4 1/2-1/2

[Event "Figueira 2023"]
[Site "?"]
[Date "2023.11.07"]
[Round "3.2"]
[White "Bernadskiy, Vitaliy"]
[Black "Olsen, Filip Boe"]
[Result "1-0"]
[BlackElo "2416"]
[WhiteElo "2546"]
[LiveChessVersion "1.4.8"]

1. e4 c5 2. Nc3 d6 3. d4 cxd4 4. Qxd4 Nc6 5. Qe3 g6 6. Bc4 Bg7 7. Nf3 Nf6 8. h3
O-O 9. O-O Nd7 10. Rd1 a6 11. a4 Nb4 12. Qe2 b6 13. Bg5 h6 14. Rxd6 hxg5 15. Rxg6
e6 16. Rxg5 Nc6 17. Rd1 Qf6 18. Qe3 Nde5 19. Nxe5 Nxe5 20. Be2 Ng6 21. Rg4 Rd8
22. Rxd8+ Qxd8 23. e5 Qc7 24. f4 Qc5 25. Qxc5 bxc5 26. Ne4 Bh6 27. g3 Kh8 28. Nd6
Bf8 29. Nxf7+ Kg7 30. Ng5 Be7 31. Bd3 Bd7 32. Nxe6+ Bxe6 33. Rxg6+ Kf7 34. f5 Bd5
35. c4 1-0

[Event "Figueira 2023"]
[Site "?"]
[Date "2023.11.07"]
[Round "3.3"]
[White "Sieciechowicz, Marcin"]
[Black "Lalit, Babu M R"]
[Result "0-1"]
[BlackElo "2533"]
[WhiteElo "2407"]
[LiveChessVersion "1.4.8"]

1. d4 {[%clk 1:30:57]} Nf6 {[%clk 1:25:47]} 2. c4 {[%clk 1:31:21]} e6
{[%clk 1:26:09]} 3. Nc3 {[%clk 1:31:44]} Bb4 {[%clk 1:26:31]} 4. f3
{[%clk 1:32:07]} Nc6 {[%clk 1:22:12]} 5. e4 {[%clk 1:27:45]} d5 {[%clk 1:17:48]}
6. cxd5 {[%clk 1:26:10]} exd5 {[%clk 1:18:12]} 7. e5 {[%clk 1:26:12]} Ng8
{[%clk 1:17:36]} 8. f4 {[%clk 1:13:52]} Nge7 {[%clk 1:17:59]} 9. Be3
{[%clk 1:12:04]} Bf5 {[%clk 0:57:54]} 10. Nf3 {[%clk 1:10:12]} Qd7
{[%clk 0:58:04]} 11. Rc1 {[%clk 1:08:14]} O-O {[%clk 0:43:19]} 12. Be2
{[%clk 1:07:54]} Na5 {[%clk 0:41:28]} 13. Bf2 {[%clk 0:56:07]} Ng6
{[%clk 0:39:29]} 14. g3 {[%clk 0:51:20]} Nc4 {[%clk 0:30:51]} 15. Qb3
{[%clk 0:48:31]} Ba5 {[%clk 0:31:14]} 16. O-O {[%clk 0:32:08]} c6
{[%clk 0:31:15]} 17. Bxc4 {[%clk 0:28:34]} dxc4 {[%clk 0:31:27]} 18. Qxc4
{[%clk 0:28:47]} Bh3 {[%clk 0:26:44]} 19. d5 {[%clk 0:26:43]} Bxf1
{[%clk 0:21:23]} 20. Rxf1 {[%clk 0:26:31]} cxd5 {[%clk 0:16:57]} 21. Qxd5
{[%clk 0:25:13]} Qxd5 {[%clk 0:13:30]} 22. Nxd5 {[%clk 0:25:42]} Rfe8
{[%clk 0:13:50]} 23. Bc5 {[%clk 0:17:15]} Bd8 {[%clk 0:11:29]} 24. Nd4
{[%clk 0:14:18]} Ne7 {[%clk 0:10:26]} 25. Bxe7 {[%clk 0:10:40]} Bxe7
{[%clk 0:10:53]} 26. Nc7 {[%clk 0:09:02]} Bc5 {[%clk 0:11:15]} 27. Rd1
{[%clk 0:09:26]} Bxd4+ {[%clk 0:11:29]} 28. Rxd4 {[%clk 0:09:46]} Red8
{[%clk 0:11:40]} 29. Nd5 {[%clk 0:05:51]} Kf8 {[%clk 0:10:30]} 30. f5
{[%clk 0:04:38]} Rac8 {[%clk 0:10:38]} 31. e6 {[%clk 0:04:55]} fxe6
{[%clk 0:10:18]} 32. fxe6 {[%clk 0:05:24]} Ke8 {[%clk 0:10:43]} 33. b4
{[%clk 0:03:30]} Rc2 {[%clk 0:08:23]} 34. a4 {[%clk 0:02:32]} a5 {[%clk 0:08:19]}
35. e7 {[%clk 0:01:19]} Rd7 {[%clk 0:08:43]} 0-1

[Event "Figueira 2023"]
[Site "?"]
[Date "2023.11.07"]
[Round "3.4"]
[White "Prraneeth, Vuppala"]
[Black "Dhulipalla, Bala Chandra Prasad"]
[Result "1/2-1/2"]
[BlackElo "2408"]
[WhiteElo "2512"]
[LiveChessVersion "1.4.8"]

1. e4 {[%clk 1:30:40]} e5 {[%clk 1:30:54]} 2. Nf3 {[%clk 1:31:06]} Nc6
{[%clk 1:31:13]} 3. Bc4 {[%clk 1:31:27]} Nf6 {[%clk 1:31:37]} 4. d3
{[%clk 1:31:51]} h6 {[%clk 1:31:21]} 5. c3 {[%clk 1:31:15]} d6 {[%clk 1:31:42]}
6. a4 {[%clk 1:31:35]} g5 {[%clk 1:29:23]} 7. Qb3 {[%clk 1:31:33]} Qe7
{[%clk 1:29:03]} 8. a5 {[%clk 1:31:47]} a6 {[%clk 1:28:53]} 9. h3
{[%clk 1:31:37]} Bg7 {[%clk 1:28:24]} 10. Nbd2 {[%clk 1:30:57]} O-O
{[%clk 1:24:27]} 11. Nf1 {[%clk 1:30:18]} d5 {[%clk 1:05:05]} 12. Bxd5
{[%clk 1:16:27]} Nxd5 {[%clk 1:03:37]} 13. exd5 {[%clk 1:14:43]} e4
{[%clk 0:54:41]} 14. dxe4 {[%clk 1:14:58]} Qxe4+ {[%clk 0:54:58]} 15. Ne3
{[%clk 1:12:11]} Ne5 {[%clk 0:43:19]} 16. Nxe5 {[%clk 1:12:30]} Bxe5
{[%clk 0:43:29]} 17. O-O {[%clk 1:08:13]} Bd7 {[%clk 0:38:46]} 18. Qc2
{[%clk 0:47:54]} Qxc2 {[%clk 0:31:31]} 19. Nxc2 {[%clk 0:48:22]} Bb5
{[%clk 0:31:48]} 20. Rd1 {[%clk 0:48:13]} Rad8 {[%clk 0:27:54]} 21. Be3
{[%clk 0:47:57]} Bc4 {[%clk 0:19:39]} 22. Bd4 {[%clk 0:38:01]} Bf4
{[%clk 0:14:46]} 23. g3 {[%clk 0:14:48]} Bb3 {[%clk 0:14:52]} 24. Bf6
{[%clk 0:12:58]} Bxc2 {[%clk 0:10:53]} 25. Bxd8 {[%clk 0:13:16]} Bxd1
{[%clk 0:09:49]} 26. Rxd1 {[%clk 0:13:33]} Bxg3 {[%clk 0:08:01]} 27. Bxg5
{[%clk 0:09:03]} Bxf2+ {[%clk 0:08:00]} 28. Kxf2 {[%clk 0:09:30]} hxg5
{[%clk 0:08:21]} 29. Rg1 {[%clk 0:08:45]} f6 {[%clk 0:08:41]} 30. h4
{[%clk 0:07:45]} Kh7 {[%clk 0:08:01]} 31. Re1 {[%clk 0:05:48]} Rf7
{[%clk 0:07:03]} 32. hxg5 {[%clk 0:05:58]} fxg5+ {[%clk 0:07:30]} 33. Kg3
{[%clk 0:06:22]} Kg6 {[%clk 0:06:38]} 34. c4 {[%clk 0:06:20]} Rf4
{[%clk 0:04:31]} 35. b3 {[%clk 0:06:23]} Kf7 {[%clk 0:03:47]} 36. Rh1
{[%clk 0:03:12]} Ke7 {[%clk 0:04:15]} 37. Rh5 {[%clk 0:01:52]} Rd4
{[%clk 0:04:01]} 38. Rxg5 {[%clk 0:02:16]} Rd3+ {[%clk 0:04:24]} 39. Kf4
{[%clk 0:02:42]} Rxb3 {[%clk 0:03:24]} 40. Ke5 {[%clk 0:31:53]} Re3+
{[%clk 0:33:19]} 41. Kd4 {[%clk 0:32:04]} Re1 {[%clk 0:30:15]} 42. Rg7+
{[%clk 0:27:20]} Kd8 {[%clk 0:30:18]} 43. Rg8+ {[%clk 0:27:43]} Kd7
{[%clk 0:30:33]} 44. Rb8 {[%clk 0:28:05]} Rb1 {[%clk 0:28:34]} 45. c5
{[%clk 0:28:32]} Rd1+ {[%clk 0:28:07]} 46. Ke4 {[%clk 0:28:57]} Re1+
{[%clk 0:28:15]} 47. Kd4 {[%clk 0:29:17]} Rd1+ {[%clk 0:28:38]} 48. Ke4
{[%clk 0:29:44]} 1/2-1/2

[Event "Figueira 2023"]
[Site "?"]
[Date "2023.11.07"]
[Round "3.5"]
[White "Romanishin, Oleg M"]
[Black "Janik, Igor"]
[Result "0-1"]
[BlackElo "2501"]
[WhiteElo "2389"]
[LiveChessVersion "1.4.8"]

1. d4 g6 2. Nf3 Bg7 3. g3 d5 4. Bg2 c6 5. O-O Nf6 6. Bf4 O-O 7. Qc1 Qb6 8. c4
dxc4 9. Nbd2 Be6 10. Nxc4 Qa6 11. b3 Nbd7 12. Nfe5 Nd5 13. Re1 Nxf4 14. gxf4 Nb6
15. e3 Nxc4 16. Nxc4 c5 17. Ne5 cxd4 18. exd4 Rac8 19. Qd2 Rfd8 20. Rac1 Rxc1 21.
Rxc1 Qd6 22. Bxb7 Bxe5 23. fxe5 Qxe5 24. Rd1 Qh5 25. Bg2 Bd5 26. h3 Bxg2 27. Kxg2
Rd5 28. f4 Qf5 29. Qe3 Qd7 30. Rd2 Qd6 31. Qe4 e6 32. Qe3 Qc6 33. Kh2 Qc1 34. Kg2
Kg7 35. Kh2 Rf5 36. Kg3 h6 37. Re2 Qc7 38. h4 Rd5 39. Qd3 Qc1 40. Re4 Qg1+ 0-1

[Event "Figueira 2023"]
[Site "?"]
[Date "2023.11.07"]
[Round "3.6"]
[White "Spraggett, Kevin"]
[Black "Audi, Ameya"]
[Result "1-0"]
[BlackElo "2371"]
[WhiteElo "2480"]
[LiveChessVersion "1.4.8"]

1. Nf3 {[%clk 1:30:55]} Nf6 {[%clk 1:30:42]} 2. g3 {[%clk 1:31:02]} g6
{[%clk 1:30:39]} 3. b3 {[%clk 1:30:21]} Bg7 {[%clk 1:30:50]} 4. Bb2
{[%clk 1:30:44]} d6 {[%clk 1:30:49]} 5. d4 {[%clk 1:30:18]} c5 {[%clk 1:30:43]}
6. e3 {[%clk 1:13:55]} O-O {[%clk 1:27:31]} 7. Bg2 {[%clk 1:13:21]} cxd4
{[%clk 1:27:42]} 8. exd4 {[%clk 1:13:25]} d5 {[%clk 1:26:49]} 9. O-O
{[%clk 1:13:03]} Nc6 {[%clk 1:25:06]} 10. Ne5 {[%clk 1:06:52]} Bf5
{[%clk 1:18:39]} 11. Nxc6 {[%clk 1:05:51]} bxc6 {[%clk 1:19:05]} 12. Nd2
{[%clk 1:05:50]} Re8 {[%clk 0:58:47]} 13. Re1 {[%clk 1:02:44]} h5
{[%clk 0:52:37]} 14. Nf3 {[%clk 0:58:59]} Bg4 {[%clk 0:47:50]} 15. Qd3
{[%clk 0:58:56]} Nd7 {[%clk 0:40:16]} 16. Nh4 {[%clk 0:50:57]} e5
{[%clk 0:33:02]} 17. f3 {[%clk 0:49:07]} Be6 {[%clk 0:32:44]} 18. dxe5
{[%clk 0:48:47]} Qb6+ {[%clk 0:33:00]} 19. Bd4 {[%clk 0:22:47]} c5
{[%clk 0:33:25]} 20. Be3 {[%clk 0:23:12]} Nxe5 {[%clk 0:33:32]} 21. Qd2
{[%clk 0:23:16]} d4 {[%clk 0:27:21]} 22. Bh6 {[%clk 0:18:30]} Bd5
{[%clk 0:25:11]} 23. Bxg7 {[%clk 0:18:08]} Kxg7 {[%clk 0:25:38]} 24. Qg5
{[%clk 0:13:37]} f6 {[%clk 0:25:53]} 25. Nf5+ {[%clk 0:05:28]} Kf7
{[%clk 0:18:54]} 26. Qh6 {[%clk 0:05:38]} gxf5 {[%clk 0:19:05]} 27. Qh7+
{[%clk 0:01:32]} Ke6 {[%clk 0:16:48]} 28. f4 {[%clk 0:01:47]} Bxg2
{[%clk 0:17:12]} 29. Kxg2 {[%clk 0:01:53]} Rh8 {[%clk 0:16:15]} 30. Qg6
{[%clk 0:02:07]} Kd7 {[%clk 0:03:55]} 31. fxe5 {[%clk 0:02:09]} fxe5
{[%clk 0:01:02]} 32. Qf7+ {[%clk 0:02:14]} Kd6 {[%clk 0:01:04]} 33. Rxe5
{[%clk 0:01:12]} Qc6+ {[%clk 0:01:30]} 34. Kg1 {[%clk 0:01:25]} Rae8
{[%clk 0:01:27]} 35. Rae1 {[%clk 0:01:08]} Rxe5 {[%clk 0:01:18]} 36. Qf6+
{[%clk 0:01:22]} Kd7 {[%clk 0:01:43]} 37. Qxe5 {[%clk 0:01:33]} Rd8
{[%clk 0:01:12]} 38. Qxf5+ {[%clk 0:01:55]} Kc7 {[%clk 0:01:39]} 39. Re6
{[%clk 0:01:31]} Qb5 {[%clk 0:00:55]} 40. Qe5+ {[%clk 0:31:03]} Kb7
{[%clk 0:30:33]} 41. Qxh5 {[%clk 0:22:32]} Rd7 {[%clk 0:24:09]} 42. Qf3+
{[%clk 0:22:41]} Kc7 {[%clk 0:22:43]} 43. a4 {[%clk 0:22:27]} Qb7
{[%clk 0:22:10]} 44. Qf4+ {[%clk 0:22:43]} Kc8 {[%clk 0:21:47]} 45. Re8+
{[%clk 0:20:10]} Rd8 {[%clk 0:22:12]} 46. Qf5+ {[%clk 0:20:09]} 1-0

[Event "Figueira 2023"]
[Site "?"]
[Date "2023.11.07"]
[Round "3.7"]
[White "Mehar, Chinna Reddy C.H."]
[Black "Urazayev, Arystanbek"]
[Result "1-0"]
[BlackElo "2478"]
[WhiteElo "2366"]
[LiveChessVersion "1.4.8"]

1. d4 Nf6 2. Nf3 e6 3. Bf4 c5 4. e3 cxd4 5. exd4 b6 6. c3 Be7 7. h3 O-O 8. Bd3
Ba6 9. Bxa6 Nxa6 10. O-O Nc7 11. Ne5 Ncd5 12. Bh2 b5 13. Nd2 Qb6 14. a4 a6 15.
Re1 d6 16. Nd3 Rfc8 17. Qb3 h6 18. Ra2 Qc6 19. Rea1 Rab8 20. axb5 axb5 21. Ra6
Rb6 22. Ra7 Bf8 23. R1a5 g6 24. Qa2 Nxc3 25. bxc3 Qxc3 26. Ra3 Qxd4 27. Bf4 Nd5
28. Nf3 Qe4 29. Bd2 Rbc6 30. Nfe1 Bg7 31. R3a6 Bd4 32. Rxc6 Rxc6 33. Ra8+ Kg7 34.
Qa5 Bf6 35. Rb8 Nc7 36. Qa7 Qe2 37. Qb7 Na6 38. Ra8 Rc7 39. Qxa6 Qxd2 40. Qxd6
Re7 41. Qd8 1-0

[Event "Figueira 2023"]
[Site "?"]
[Date "2023.11.07"]
[Round "3.8"]
[White "Goncalves, Samuel Jesus P"]
[Black "Barski, Radoslaw"]
[Result "0-1"]
[BlackElo "2437"]
[WhiteElo "2136"]
[LiveChessVersion "1.4.8"]

1. e4 {[%clk 1:30:16]} c5 {[%clk 1:30:50]} 2. Nf3 {[%clk 1:30:17]} e6
{[%clk 1:31:14]} 3. Nc3 {[%clk 1:29:37]} a6 {[%clk 1:30:02]} 4. g3
{[%clk 1:28:28]} b5 {[%clk 1:30:19]} 5. d4 {[%clk 1:28:30]} Bb7 {[%clk 1:26:51]}
6. Bg2 {[%clk 1:26:16]} Nf6 {[%clk 1:22:54]} 7. e5 {[%clk 1:25:27]} cxd4
{[%clk 1:12:53]} 8. Qxd4 {[%clk 1:24:52]} Nd5 {[%clk 1:01:13]} 9. O-O
{[%clk 1:13:35]} Nc6 {[%clk 0:59:57]} 10. Qd3 {[%clk 1:12:43]} Nxc3
{[%clk 0:59:21]} 11. Qxc3 {[%clk 1:12:54]} Rc8 {[%clk 0:54:23]} 12. Bg5
{[%clk 1:11:17]} Qc7 {[%clk 0:53:59]} 13. Rfd1 {[%clk 1:10:54]} h6
{[%clk 0:52:21]} 14. Be3 {[%clk 1:10:33]} g5 {[%clk 0:45:50]} 15. a4
{[%clk 1:06:58]} b4 {[%clk 0:40:59]} 16. Qd2 {[%clk 1:04:43]} Bg7
{[%clk 0:36:31]} 17. a5 {[%clk 1:03:37]} O-O {[%clk 0:25:42]} 18. Bc5
{[%clk 0:53:26]} Nxe5 {[%clk 0:11:45]} 19. Nxe5 {[%clk 0:42:42]} Bxg2
{[%clk 0:12:01]} 20. Bxf8 {[%clk 0:42:47]} Bxf8 {[%clk 0:11:54]} 21. Qxd7
{[%clk 0:40:27]} Bd5 {[%clk 0:08:32]} 22. Qxc7 {[%clk 0:39:57]} Rxc7
{[%clk 0:08:59]} 23. Nd3 {[%clk 0:34:48]} Rxc2 {[%clk 0:07:31]} 24. Rac1
{[%clk 0:35:13]} Re2 {[%clk 0:04:53]} 25. Kf1 {[%clk 0:35:01]} Re4
{[%clk 0:04:25]} 26. Ne1 {[%clk 0:22:43]} b3 {[%clk 0:04:15]} 27. Ng2
{[%clk 0:18:43]} Bc4+ {[%clk 0:01:05]} 28. Kg1 {[%clk 0:19:04]} Bb5
{[%clk 0:01:05]} 29. Ne3 {[%clk 0:17:27]} Bg7 {[%clk 0:01:09]} 30. Rc8+
{[%clk 0:14:00]} Kh7 {[%clk 0:01:38]} 31. Rc7 {[%clk 0:14:14]} Kg6 32. Rb7
{[%clk 0:12:59]} Ra4 {[%clk 0:02:01]} 33. Rc1 {[%clk 0:13:07]} Bxb2
{[%clk 0:01:45]} 34. Rb1 {[%clk 0:12:12]} Ra1 {[%clk 0:00:57]} 35. Rxa1
{[%clk 0:11:23]} Bxa1 {[%clk 0:01:23]} 36. Nd1 {[%clk 0:11:21]} Bd4
{[%clk 0:01:50]} 37. Rxb5 {[%clk 0:10:48]} axb5 {[%clk 0:02:16]} 38. a6
{[%clk 0:10:55]} Kf5 {[%clk 0:01:53]} 39. Kf1 {[%clk 0:41:20]} Ke4
{[%clk 0:31:53]} 40. Ke2 {[%clk 0:41:41]} Kd5 {[%clk 0:31:06]} 41. Kd3
{[%clk 0:41:45]} e5 {[%clk 0:28:50]} 42. Nc3+ {[%clk 0:38:48]} Kc6
{[%clk 0:28:53]} 43. Ne4 {[%clk 0:38:54]} f5 {[%clk 0:29:09]} 44. Nd2
{[%clk 0:38:19]} Bxf2 {[%clk 0:26:45]} 45. g4 {[%clk 0:38:07]} fxg4
{[%clk 0:26:45]} 46. Ne4 {[%clk 0:38:03]} Bg1 {[%clk 0:26:42]} 47. Kc3
{[%clk 0:37:51]} Kb6 {[%clk 0:25:39]} 48. Nf6 {[%clk 0:38:08]} h5
{[%clk 0:25:11]} 49. Kd4 0-1

[Event "Figueira 2023"]
[Site "?"]
[Date "2023.11.07"]
[Round "3.9"]
[White "Grigoryan, Karen H."]
[Black "Pablo Mari, Alejandro"]
[Result "1-0"]
[BlackElo "2347"]
[WhiteElo "2646"]
[LiveChessVersion "1.4.8"]

1. e4 c6 2. d4 d5 3. exd5 cxd5 4. Bd3 Nc6 5. c3 Nf6 6. h3 Qc7 7. Ne2 e6 8. Bf4
Bd6 9. Bxd6 Qxd6 10. Nd2 e5 11. dxe5 Nxe5 12. Bc2 O-O 13. O-O Rd8 14. Nd4 Bd7 15.
Re1 Re8 16. Re3 a6 17. Qf1 Qb6 18. Rae1 Nc6 19. N2b3 Rxe3 20. Rxe3 Nxd4 21. cxd4
Re8 22. Rxe8+ Bxe8 23. Qc1 a5 24. Qd2 a4 25. Nc5 a3 26. bxa3 Qa7 27. Qb4 b6 28.
Nd3 Qc7 29. Bb3 h5 30. Qe1 Bb5 31. Ne5 Ba6 32. a4 Bc8 33. f3 Be6 34. Nd3 Nd7 35.
Qe3 Qd6 36. Nf4 h4 37. Nd3 Qc7 38. Qe1 Qd8 39. Nf4 Qf6 40. Qe3 Qf5 41. Kf2 g5 42.
Ne2 Nf6 43. Qe5 Qxe5 44. dxe5 Nd7 45. f4 gxf4 46. Nxf4 Nxe5 47. Nxd5 Bxd5 48.
Bxd5 Kg7 49. Ke3 f5 50. Kd4 Kf6 51. Bb7 1-0

[Event "Figueira 2023"]
[Site "?"]
[Date "2023.11.07"]
[Round "3.10"]
[White "Albornoz Cabrera, Carlos Daniel"]
[Black "Lach, Aleksandra"]
[Result "1/2-1/2"]
[BlackElo "2262"]
[WhiteElo "2585"]
[LiveChessVersion "1.4.8"]

1. e4 {[%clk 1:30:58]} c5 {[%clk 1:30:42]} 2. Nf3 {[%clk 1:31:22]} g6
{[%clk 1:30:12]} 3. d4 {[%clk 1:31:45]} cxd4 {[%clk 1:30:37]} 4. Nxd4
{[%clk 1:32:11]} Nc6 {[%clk 1:30:47]} 5. c4 {[%clk 1:32:35]} Bg7 {[%clk 1:31:06]}
6. Be3 {[%clk 1:32:59]} Nf6 {[%clk 1:30:27]} 7. Nc3 {[%clk 1:33:24]} O-O
{[%clk 1:30:36]} 8. Be2 {[%clk 1:33:45]} b6 {[%clk 1:30:33]} 9. O-O
{[%clk 1:33:40]} Bb7 {[%clk 1:30:46]} 10. f3 {[%clk 1:31:17]} Nxd4
{[%clk 1:29:15]} 11. Bxd4 {[%clk 1:31:41]} Qc7 {[%clk 1:29:19]} 12. Qd2
{[%clk 1:29:46]} Nh5 {[%clk 1:28:23]} 13. Bxg7 {[%clk 1:26:28]} Nxg7
{[%clk 1:28:26]} 14. Rad1 {[%clk 1:24:44]} Bc6 {[%clk 1:18:15]} 15. b4
{[%clk 1:23:38]} Rad8 {[%clk 1:07:04]} 16. Qg5 {[%clk 1:11:00]} e5
{[%clk 0:53:01]} 17. f4 {[%clk 0:53:02]} f5 {[%clk 0:35:02]} 18. Nd5
{[%clk 0:48:05]} Bxd5 {[%clk 0:33:02]} 19. exd5 {[%clk 0:48:31]} e4
{[%clk 0:30:01]} 20. Qg3 {[%clk 0:44:05]} d6 {[%clk 0:25:30]} 21. Qe3
{[%clk 0:43:01]} a5 {[%clk 0:19:47]} 22. a3 {[%clk 0:30:33]} Ra8 {[%clk 0:19:21]}
23. Ra1 {[%clk 0:26:22]} Rfc8 {[%clk 0:16:50]} 24. Rfb1 {[%clk 0:24:30]} axb4
{[%clk 0:14:28]} 25. axb4 {[%clk 0:22:56]} Ne8 {[%clk 0:11:51]} 26. g4
{[%clk 0:20:36]} Qg7 {[%clk 0:03:20]} 27. Rxa8 {[%clk 0:20:50]} Rxa8
{[%clk 0:03:47]} 28. gxf5 {[%clk 0:18:47]} gxf5+ {[%clk 0:03:54]} 29. Kf2
{[%clk 0:11:45]} Nf6 {[%clk 0:01:45]} 30. h3 {[%clk 0:10:42]} Qh6
{[%clk 0:01:44]} 31. Rg1+ {[%clk 0:06:36]} Kf7 {[%clk 0:02:08]} 32. Rg5
{[%clk 0:06:23]} Qh4+ {[%clk 0:01:33]} 33. Kg2 {[%clk 0:04:23]} h6
{[%clk 0:02:02]} 34. Rg3 {[%clk 0:03:35]} Ra2 {[%clk 0:02:09]} 35. Qf2
{[%clk 0:03:49]} Rxe2 {[%clk 0:01:26]} 36. Qxe2 {[%clk 0:04:15]} Nh5
{[%clk 0:01:29]} 37. Qf2 {[%clk 0:04:03]} 1/2-1/2

[Event "Figueira 2023"]
[Site "?"]
[Date "2023.11.07"]
[Round "3.11"]
[White "Sidhant, Mohapatra"]
[Black "Ghosh, Diptayan"]
[Result "0-1"]
[BlackElo "2570"]
[WhiteElo "2418"]
[LiveChessVersion "1.4.8"]

1. e4 c6 2. Nf3 d5 3. Nc3 Bg4 4. h3 Bxf3 5. Qxf3 e6 6. Be2 Nf6 7. O-O d4 8. Nb1
Bd6 9. c3 Bc7 10. d3 O-O 11. Nd2 c5 12. e5 Bxe5 13. Qxb7 Nbd7 14. cxd4 Bxd4 15.
Nb3 Nd5 16. Bf3 Ne5 17. Nxd4 cxd4 18. Be4 Qd6 19. Bxd5 Rab8 20. Qxa7 Qxd5 21. Rd1
h6 22. Bf4 Rxb2 23. Bxe5 Qxe5 24. a4 Rd8 25. Rdb1 Rd2 26. Qb6 Qf6 27. Kh1 Rd5 28.
Qb8+ Kh7 29. Rb2 Qxf2 30. Rxd2 Qxd2 31. Rf1 Rg5 32. Qb7 f5 33. Ra1 Qa5 34. Qc6
Rg6 35. Rb1 e5 36. Qd7 Qd2 37. Qd5 e4 38. Rg1 Qxd3 39. Qxf5 Qe2 40. a5 d3 41. Qb5
Rg5 0-1

[Event "Figueira 2023"]
[Site "?"]
[Date "2023.11.07"]
[Round "3.12"]
[White "Das, Sayantan"]
[Black "Chitlange, Sakshi"]
[Result "1-0"]
[BlackElo "2224"]
[WhiteElo "2500"]
[LiveChessVersion "1.4.8"]

1. e4 {[%clk 1:28:57]} c6 {[%clk 1:30:53]} 2. d4 {[%clk 1:29:16]} d5
{[%clk 1:31:17]} 3. e5 {[%clk 1:29:40]} c5 {[%clk 1:31:41]} 4. Nf3
{[%clk 1:29:39]} cxd4 {[%clk 1:31:31]} 5. Qxd4 {[%clk 1:29:55]} e6
{[%clk 1:29:47]} 6. Bd3 {[%clk 1:25:58]} Nc6 {[%clk 1:29:34]} 7. Qf4
{[%clk 1:25:15]} Qc7 {[%clk 1:19:06]} 8. Nc3 {[%clk 1:20:37]} a6 {[%clk 1:16:44]}
9. O-O {[%clk 1:18:10]} Nge7 {[%clk 1:12:17]} 10. Re1 {[%clk 1:16:09]} Ng6
{[%clk 1:12:14]} 11. Qg3 {[%clk 1:16:15]} Bb4 {[%clk 1:06:03]} 12. a3
{[%clk 1:04:34]} Bxc3 {[%clk 1:01:20]} 13. bxc3 {[%clk 1:04:13]} O-O
{[%clk 1:01:41]} 14. a4 {[%clk 1:04:14]} f5 {[%clk 0:59:05]} 15. Ba3
{[%clk 1:01:45]} Re8 {[%clk 0:58:55]} 16. c4 {[%clk 0:57:32]} dxc4
{[%clk 0:55:06]} 17. Bd6 {[%clk 0:53:08]} Qa5 {[%clk 0:55:29]} 18. Bxc4
{[%clk 0:53:33]} Qc3 {[%clk 0:55:31]} 19. Bb3 {[%clk 0:52:56]} Na5
{[%clk 0:52:07]} 20. Ba2 {[%clk 0:44:45]} Bd7 {[%clk 0:48:58]} 21. Rab1
{[%clk 0:38:38]} Qxc2 {[%clk 0:38:54]} 22. Ra1 {[%clk 0:38:54]} Nb3
{[%clk 0:37:42]} 23. Bb1 {[%clk 0:38:38]} Qc3 {[%clk 0:34:45]} 24. Ra3
{[%clk 0:38:09]} b5 {[%clk 0:32:27]} 25. h4 {[%clk 0:33:36]} b4 {[%clk 0:27:43]}
26. Rxb3 {[%clk 0:29:51]} Qxb3 {[%clk 0:28:07]} 27. h5 {[%clk 0:30:18]} Ne7
{[%clk 0:21:31]} 28. h6 {[%clk 0:20:22]} g6 {[%clk 0:21:56]} 29. Qg5
{[%clk 0:17:41]} Nd5 {[%clk 0:22:08]} 30. Nh4 {[%clk 0:16:10]} Kh8
{[%clk 0:14:44]} 31. Ba2 {[%clk 0:09:23]} Qxa2 {[%clk 0:12:31]} 32. Rd1
{[%clk 0:09:48]} Ra7 {[%clk 0:06:58]} 33. Rxd5 {[%clk 0:09:17]} Bxa4
{[%clk 0:05:42]} 34. Rc5 {[%clk 0:08:15]} Qa1+ {[%clk 0:04:50]} 35. Rc1
{[%clk 0:05:52]} Qd4 {[%clk 0:04:10]} 36. Qf6+ {[%clk 0:05:48]} Kg8
{[%clk 0:04:39]} 37. Rc8 {[%clk 0:06:02]} Rf7 {[%clk 0:01:39]} 38. Qxe6
{[%clk 0:06:20]} Qd1+ {[%clk 0:00:38]} 39. Kh2 {[%clk 0:06:45]} 1-0

[Event "Figueira 2023"]
[Site "?"]
[Date "2023.11.07"]
[Round "3.13"]
[White "Sousa, Andre Ventura"]
[Black "Jacobsen, Mikkel Manosri"]
[Result "0-1"]
[BlackElo "2261"]
[WhiteElo "2441"]
[LiveChessVersion "1.4.8"]

1. e4 c5 2. Nf3 Nc6 3. Bb5 Nf6 4. Nc3 g6 5. Bxc6 dxc6 6. d3 Bg7 7. O-O O-O 8. a4
a5 9. Qd2 e5 10. Nxe5 Nxe4 11. Nxe4 Bxe5 12. Nxc5 f5 13. Re1 Qd6 14. Rxe5 Qxe5
15. d4 Qf6 16. Qf4 Re8 17. Be3 b6 18. Nd3 Ba6 19. Ne5 Rad8 20. h4 c5 21. c3 Rd5
22. Re1 Re6 23. Qf3 Bb7 24. Bg5 Qf8 25. Re3 f4 26. Bxf4 cxd4 27. Bh6 Qxf3 28.
Rxf3 Rd8 29. cxd4 Bxf3 30. Nxf3 Re2 31. Bd2 Rxd4 0-1

[Event "Figueira 2023"]
[Site "?"]
[Date "2023.11.07"]
[Round "3.14"]
[White "Kistrup, Nicolai"]
[Black "Davtyan, David Arm."]
[Result "1-0"]
[BlackElo "2362"]
[WhiteElo "2330"]
[LiveChessVersion "1.4.8"]

1. d4 d5 2. c4 e6 3. Nf3 Nf6 4. g3 Bb4+ 5. Nbd2 O-O 6. Bg2 dxc4 7. Qc2 b5 8. a4
Bb7 9. axb5 Bxd2+ 10. Bxd2 Bd5 11. O-O c6 12. Bg5 cxb5 13. e4 Bc6 14. e5 h6 15.
exf6 hxg5 16. Nxg5 g6 17. Nxe6 Qxf6 18. Nxf8 Bxg2 19. Kxg2 Kxf8 20. Qe4 Qc6 21.
d5 Qd6 22. b3 cxb3 23. Rfb1 Nd7 24. Rxb3 Qf6 25. Re1 a5 26. Rxb5 a4 27. d6 Ra7
28. Qe7+ Kg7 29. Rb4 Qf5 30. Qe4 Qa5 31. Qd4+ Nf6 32. Re7 Ra6 33. Rbb7 1-0